| 000 -LEADER | |
|---|---|
| fixed length control field | 00494nam a22001697a 4500 |
| 005 - DATE AND TIME OF LATEST TRANSACTION | |
| control field | 20250917121840.0 |
| 008 - FIXED-LENGTH DATA ELEMENTS--GENERAL INFORMATION | |
| fixed length control field | 250917b |||||||| |||| 00| 0 eng d |
| 020 ## - INTERNATIONAL STANDARD BOOK NUMBER | |
| ISBN | 978-93-5451-068-7 |
| 041 ## - LANGUAGE CODE | |
| Language code of text/sound track or separate title | eng |
| 100 ## - MAIN ENTRY--AUTHOR NAME | |
| Personal name | GUPTA, DR.ARUN KUMAR & RAGHUWANSHI, SHIVENDRA SINGH |
| 245 ## - TITLE STATEMENT | |
| Title | A TEXT BOOK OF PHARMACEUTICAL INORGANIC CHEMISTRY [1ST YEAR B. PHARMA] SEM-1 |
| 250 ## - EDITION STATEMENT | |
| Edition statement | 3RD ED. 2023 |
| 260 ## - PUBLICATION, DISTRIBUTION, ETC. (IMPRINT) | |
| Place of publication | PUNE |
| Name of publisher | NIRALI PRAKASHAN |
| 300 ## - PHYSICAL DESCRIPTION | |
| Number of Pages | 9.12;P |
| 650 ## - SUBJECT ADDED ENTRY--TOPICAL TERM | |
| Topical Term | PHARMACY |
| 942 ## - ADDED ENTRY ELEMENTS (KOHA) | |
| Koha item type | Books |
| Lost status | Damaged status | Collection code | Home library | Current library | Date acquired | Source of acquisition | Cost, normal purchase price | Accession Number | Koha item type |
|---|---|---|---|---|---|---|---|---|---|
| PHARMACY | JRU Library | JRU Library | 17/09/2025 | SPECIMEN COPY | 170.00 | 0083/D | Books |